Les principaux rôles de Louis de Funès - Statistiques

Statistiques générales
  • Ce quiz a été pris 71 fois
  • Le résultat moyen est 10 sur 23
Statistiques - réponses
Année Film Initiales Nom du rôle % Correct
1973 Les aventures de Rabbi Jacob VP Victor Pivert
84%
1956 La traversée de Paris J Jambier
78%
1964 Le Gendarme de Saint-Tropez LC Ludovic Cruchot
78%
1966 Le Grand restaurant S Septime
70%
1976 L'Aile ou la Cuisse CD Charles Duchemin
68%
1966 La Grande vadrouille SL Stanislas Lefort
68%
1980 L'Avare H Harpagon
65%
1971 La folie des grandeurs DS Don Salluste
63%
1964 Fantômas PJ Paul Juve
62%
1965 Le Corniaud LS Léopold Saroyan
57%
1968 Le petit baigneur LPF Louis-Philippe Fourchaume
37%
1967 Oscar BB Bertrand Barnier
35%
1967 Les grandes vacances CB Charles Bosquier
32%
1978 La Zizanie GDL Guillaume Daubray-Lacaze
27%
1971 Jo AB Antoine Brisebard
25%
1964 Faites sauter la banque ! VG Victor Garnier
22%
1968 Le Tatoué FM Félicien Mézeray
21%
1969 Hibernatus HBST Hubert Barrère de Tartas
19%
1963 Pouic-Pouic LM Léonard Monestier
16%
1971 Sur un arbre perché HR Henri Roubier
14%
1962 Le gentleman d'Epsom GR Gaspard Ripeux
10%
1958 Ni vu ni connu LB Léon Blaireau
10%
1961 La Belle Américaine V Viralot
8%
Aucun quiz correspondant
Distribution des résultats
% des personnes avec chaque résultat
Percentile par nombre de réponses
Votre historique - résultats
Vous n’avez pas pris ce quiz